[Event "C.to Provinciale AT"]
[Site "Asti ITA"]
[Date "2008.03.28"]
[Round "2"]
[White "Di Paolo, Raffaele"]
[Black "Astengo, Marcello"]
[Result "1-0"]
[WhiteElo "2363"]
[BlackElo "2039"]
[PlyCount "65"]
[EventDate "2008.03.27"]

1. e4 e6 2. d4 d5 3. Nc3 Nf6 4. e5 Ng8 5. Nf3 c5 6. dxc5 Bxc5 7. Bd3 Ne7 8. Bf4
Nd7 9. Qe2 Nc6 10. a3 Be7 11. h4 Nc5 12. h5 Bd7 13. Kf1 Rc8 14. Re1 Qb6 15. h6
g6 16. Nd1 Nxd3 17. cxd3 Na5 18. Be3 Qb3 19. Nd4 Qb6 20. Nc3 Nb3 21. Nxb3 Qxb3
22. Bd4 O-O 23. Rh3 Bc5 24. Bxc5 Rxc5 25. Kg1 Rc7 26. Qd2 f6 27. exf6 Rxf6 28.
d4 Qb6 29. Qg5 Qxd4 30. Rf3 Rxf3 31. gxf3 Kf7 32. Qd8 Qf4 33. Nxd5 1-0

[Event "C.to Provinciale AT"]
[Site "Asti ITA"]
[Date "2008.03.28"]
[Round "2"]
[White "Fossati, Remigio"]
[Black "Lucchese, Paolo"]
[Result "1-0"]
[WhiteElo "2208"]
[BlackElo "1994"]
[PlyCount "49"]
[EventDate "2008.03.27"]

1. d4 d5 2. c4 e5 3. dxe5 d4 4. Nf3 Nc6 5. g3 Be6 6. Qa4 Qd7 7. Bg2 O-O-O 8.
O-O Kb8 9. Rd1 Nxe5 10. Qb3 Nxf3+ 11. Bxf3 c6 12. Be3 Bc5 13. Nc3 dxe3 14. Rxd7
exf2+ 15. Kg2 Bxd7 16. a4 Nf6 17. a5 Ng4 18. Bxg4 Bxg4 19. Ne4 Bd4 20. a6 b6
21. Nxf2 Bxf2 22. Kxf2 Rd2 23. Re1 Re8 24. h3 Bxh3 25. g4 1-0

[Event "C.to Provinciale AT"]
[Site "Asti ITA"]
[Date "2008.03.28"]
[Round "2"]
[White "Mangione, Claudio"]
[Black "Monticone, Sonia"]
[Result "1-0"]
[WhiteElo "2051"]
[BlackElo "1757"]
[PlyCount "67"]
[EventDate "2008.03.27"]

1. Nf3 Nf6 2. c4 e6 3. g3 c6 4. Bg2 d5 5. Qc2 Nbd7 6. d4 Be7 7. O-O O-O 8. Nbd2
h6 9. b3 a5 10. a3 Bd6 11. Bb2 Rb8 12. e4 dxe4 13. Nxe4 Nxe4 14. Qxe4 Nf6 15.
Qd3 Bc7 16. Rad1 Bb6 17. Ne5 Qc7 18. Rfe1 Rd8 19. Qe2 Ba7 20. h4 Qb6 21. Rd3
Ra8 22. g4 Nd7 23. Nxf7 Re8 24. Nd6 Re7 25. g5 hxg5 26. hxg5 Nf8 27. c5 Qd8 28.
Re3 g6 29. Rh3 Rh7 30. Rxh7 Nxh7 31. f4 Nf8 32. b4 Bb8 33. Qe5 Bc7 34. d5 1-0

[Event "C.to Provinciale AT"]
[Site "Asti ITA"]
[Date "2008.03.28"]
[Round "2"]
[White "Medaglia, Enzo"]
[Black "Turchetta, Gianluca"]
[Result "0-1"]
[WhiteElo "1857"]
[BlackElo "1934"]
[PlyCount "50"]
[EventDate "2008.03.27"]

1. e4 e6 2. d4 d5 3. Nc3 Bb4 4. e5 c5 5. a3 cxd4 6. axb4 dxc3 7. bxc3 Qc7 8.
Bb5+ Bd7 9. Bxd7+ Nxd7 10. Ne2 Qxe5 11. O-O Ngf6 12. Be3 a6 13. Bf4 Qh5 14. Qd3
O-O 15. Ra2 e5 16. Ng3 Qh4 17. Bd2 g6 18. Rfa1 Rfe8 19. Be3 Ng4 20. Qxd5 Qxh2+
21. Kf1 Nxe3+ 22. fxe3 Qxg3 23. Qxd7 Rad8 24. Qxb7 e4 25. Re1 Rd2 0-1

[Event "C.to Provinciale AT"]
[Site "Asti ITA"]
[Date "2008.03.28"]
[Round "2"]
[White "Piantadosi, Angelo"]
[Black "Fortino, Fabrizio"]
[Result "0-1"]
[WhiteElo "1673"]
[BlackElo "2068"]
[PlyCount "38"]
[EventDate "2008.03.27"]

1. e4 c5 2. c3 g6 3. d4 cxd4 4. cxd4 d5 5. e5 Nc6 6. Nf3 Bg4 7. Be2 Bg7 8. O-O
Nh6 9. Nc3 O-O 10. Bf4 e6 11. Qd2 Nf5 12. Ne1 Bxe2 13. Nxe2 Qb6 14. Nf3 f6 15.
g4 fxe5 16. gxf5 exf4 17. fxg6 hxg6 18. Nxf4 Rf6 19. Qd3 Rxf4 0-1

[Event "C.to Provinciale AT"]
[Site "Asti ITA"]
[Date "2008.03.28"]
[Round "2"]
[White "Raviola, Giuseppe"]
[Black "Biancotti, Alessandro"]
[Result "1-0"]
[WhiteElo "2113"]
[BlackElo "1873"]
[PlyCount "139"]
[EventDate "2008.03.27"]

1. e4 c5 2. Nf3 d6 3. d4 cxd4 4. Nxd4 Nf6 5. Nc3 g6 6. Be2 Bg7 7. Be3 O-O 8.
Qd2 Ng4 9. Bxg4 Bxg4 10. f3 Bd7 11. g4 Nc6 12. Nxc6 bxc6 13. Bd4 Bxd4 14. Qxd4
Qb6 15. O-O-O Qxd4 16. Rxd4 Be6 17. h3 a5 18. f4 Rfb8 19. f5 Bd7 20. f6 c5 21.
Rd3 exf6 22. Rxd6 Be6 23. Rhd1 a4 24. a3 Kf8 25. Rc6 Ra5 26. Rc7 Ke8 27. Rd6
Rd8 28. Rdc6 c4 29. Rc5 Rxc5 30. Rxc5 Ra8 31. Rb5 Kd7 32. Rb4 Kd6 33. Kd2 Ke5
34. Ke3 f5 35. gxf5 gxf5 36. Rb5+ Kf6 37. h4 h6 38. exf5 Bxf5 39. Nd5+ Kg7 40.
Nc7 Rc8 41. Rxf5 Rxc7 42. Ra5 c3 43. Kd3 cxb2 44. Rb5 Kg6 45. Rxb2 Kf5 46. Rb4
Ra7 47. c4 Ke5 48. Rb5+ Kf4 49. c5 Ke5 50. Kc4 f6 51. Rb8 f5 52. Re8+ Kf6 53.
c6 f4 54. Kd4 f3 55. Re3 Ra5 56. Rxf3+ Ke6 57. Rc3 Rd5+ 58. Kc4 Kd6 59. c7 Rc5+
60. Kb4 Rxc3 61. Kxc3 Kxc7 62. Kb4 Kd6 63. Kxa4 Ke5 64. Kb4 Kf4 65. a4 Kg4 66.
a5 Kxh4 67. a6 Kg3 68. a7 h5 69. a8=Q h4 70. Qh1 1-0

[Event "C.to Provinciale AT"]
[Site "Asti ITA"]
[Date "2008.03.28"]
[Round "2"]
[White "Ronzano, Luca"]
[Black "Brancaleoni, Maurizio"]
[Result "0-1"]
[WhiteElo "1993"]
[BlackElo "2214"]
[PlyCount "38"]
[EventDate "2008.03.27"]

1. e4 d5 2. Nf3 dxe4 3. Ng5 Nf6 4. Bc4 e6 5. Qe2 Nc6 6. Nxe4 Nd4 7. Nxf6+ Qxf6
8. Qe4 Bd6 9. c3 Nc6 10. d4 Bd7 11. Nd2 O-O-O 12. Nf3 h6 13. Be3 e5 14. dxe5
Nxe5 15. Nxe5 Bxe5 16. O-O Rhe8 17. f4 Bxc3 18. Qc2 Rxe3 19. bxc3 Rxc3 0-1

[Event "C.to Provinciale AT"]
[Site "Asti ITA"]
[Date "2008.03.28"]
[Round "2"]
[White "Sorcinelli, Francesco"]
[Black "Finocchiaro, Gianluca"]
[Result "1-0"]
[WhiteElo "2119"]
[BlackElo "1985"]
[PlyCount "95"]
[EventDate "2008.03.27"]

1. e4 d5 2. exd5 Qxd5 3. Nc3 Qe5+ 4. Be2 c6 5. Nf3 Qc7 6. d4 Nf6 7. Qd3 Bg4 8.
Ne5 Bxe2 9. Qxe2 e6 10. Bf4 Bd6 11. Bg3 Nbd7 12. O-O-O O-O 13. Nc4 Bf4+ 14. Kb1
Rad8 15. Ne5 Bxe5 16. Bxe5 Nxe5 17. dxe5 Nd5 18. Nxd5 Rxd5 19. Rxd5 cxd5 20.
Rd1 Rc8 21. Rd3 h6 22. Rc3 Qd7 23. Rg3 Qc6 24. c3 Qc4 25. Qe3 Kh7 26. Qf3 Rc7
27. Rg4 Qf1+ 28. Kc2 Qe1 29. Qd3+ g6 30. f4 Qf2+ 31. Qd2 Qf1 32. Rg3 Qc4 33. b3
Qe4+ 34. Kb2 b5 35. Rh3 Qf5 36. Rh4 b4 37. cxb4 Qe4 38. g3 Rc6 39. b5 Rc5 40.
a4 d4 41. f5 Qxe5 42. fxg6+ fxg6 43. Qxh6+ Kg8 44. Qxg6+ Kf8 45. Rf4+ Ke7 46.
Qf7+ Kd6 47. Qf8+ Kc7 48. Rf7+ 1-0

[Event "C.to Provinciale AT"]
[Site "Asti ITA"]
[Date "2008.03.28"]
[Round "2"]
[White "Venturino, Federico"]
[Black "Torrione, William"]
[Result "0-1"]
[WhiteElo "1913"]
[BlackElo "1917"]
[PlyCount "112"]
[EventDate "2008.03.27"]

1. d4 f5 2. c4 Nf6 3. Nc3 e6 4. Bg5 Be7 5. e3 b6 6. Nf3 Bb7 7. Bd3 O-O 8. O-O
d6 9. Re1 Ne4 10. Bxe7 Qxe7 11. Bxe4 fxe4 12. Nd2 Qf7 13. Rf1 Qg6 14. Qc2 Nd7
15. Ne2 c5 16. Nf4 Qf5 17. d5 exd5 18. cxd5 Nf6 19. Nc4 Rfd8 20. Rad1 Nxd5 21.
Qb3 Qf7 22. Na5 bxa5 23. Nxd5 Bxd5 24. Qxd5 Qxd5 25. Rxd5 Rab8 26. b3 Kf7 27.
Rc1 Ke6 28. Rh5 h6 29. Rc4 Rb4 30. Rc1 a4 31. Rc3 axb3 32. axb3 Rdb8 33. Rh4 a5
34. f3 exf3 35. Rxb4 axb4 36. Rc4 fxg2 37. Kxg2 Rf8 38. Rg4 g5 39. h4 gxh4 40.
Rxh4 Rf6 41. Kg3 Ke5 42. Rc4 Rf1 43. Rh4 Rb1 44. Kf3 Rxb3 45. Rh5+ Ke6 46.
Rxh6+ Kd5 47. Ke2 c4 48. Rh5+ Kc6 49. Kd2 Rb2+ 50. Kc1 Re2 51. Rh4 d5 52. Rh6+
Kc5 53. Re6 c3 54. Re8 Kc4 55. Rc8+ Kb3 56. Kd1 Rxe3 0-1

[Event "C.to Provinciale AT"]
[Site "Asti ITA"]
[Date "2008.03.29"]
[Round "3"]
[White "Astengo, Marcello"]
[Black "Cova, Alessandro"]
[Result "0-1"]
[WhiteElo "2039"]
[BlackElo "1936"]
[PlyCount "54"]
[EventDate "2008.03.27"]

1. d4 Nf6 2. c4 g6 3. Nc3 Bg7 4. e4 d6 5. f3 O-O 6. Be3 e5 7. d5 Nbd7 8. Bd3
Nc5 9. Bc2 a5 10. Nge2 Ne8 11. a3 f5 12. O-O f4 13. Bf2 g5 14. Rb1 g4 15. b4
axb4 16. axb4 gxf3 17. bxc5 fxe2 18. Qxe2 Qg5 19. Kh1 Bg4 20. Qd2 Qh5 21. cxd6
cxd6 22. c5 f3 23. g3 Bh3 24. Rfe1 Bg2+ 25. Kg1 Bh6 26. Qd3 Qh3 27. c6 Nf6 0-1

[Event "C.to Provinciale AT"]
[Site "Asti ITA"]
[Date "2008.03.29"]
[Round "3"]
[White "Brancaleoni, Maurizio"]
[Black "Sorcinelli, Francesco"]
[Result "1/2-1/2"]
[WhiteElo "2214"]
[BlackElo "2119"]
[PlyCount "33"]
[EventDate "2008.03.27"]

1. d4 Nf6 2. Nf3 g6 3. c4 Bg7 4. Nc3 O-O 5. e4 d6 6. Be2 e5 7. O-O Nc6 8. d5
Ne7 9. Rb1 Nh5 10. g3 f5 11. Ng5 Nf6 12. f4 h6 13. fxe5 dxe5 14. Ne6 Bxe6 15.
dxe6 Nxe4 16. Nxe4 fxe4 17. Be3 1/2-1/2

[Event "C.to Provinciale AT"]
[Site "Asti ITA"]
[Date "2008.03.29"]
[Round "3"]
[White "Del Nevo, Claudio"]
[Black "Blundo, Michele"]
[Result "1-0"]
[WhiteElo "1920"]
[BlackElo "1897"]
[PlyCount "101"]
[EventDate "2008.03.27"]

1. d4 d5 2. Nf3 Nf6 3. Bg5 e6 4. e3 Be7 5. Bxf6 Bxf6 6. c3 Nd7 7. Bd3 g6 8. Qc2
c6 9. Nbd2 Bg7 10. g4 Nf6 11. Rg1 Qc7 12. h4 Nd7 13. h5 e5 14. dxe5 Nxe5 15.
Nxe5 Bxe5 16. hxg6 hxg6 17. O-O-O Bd7 18. f4 Bd6 19. f5 g5 20. Nf3 f6 21. e4
Bf4+ 22. Kb1 O-O-O 23. exd5 Kb8 24. dxc6 Bxc6 25. Nd4 Bd7 26. Bb5 Bc8 27. Qb3
Qb6 28. Bc4 Qxb3 29. Bxb3 a6 30. Be6 Be3 31. Rh1 Kc7 32. Bxc8 Bxd4 33. Rxh8
Rxh8 34. Bxb7 Bxc3 35. Bxa6 Be5 36. Rd2 Kb6 37. Bd3 Rh1+ 38. Kc2 Rg1 39. Be2
Kc5 40. a3 Bf4 41. b4+ Kb6 42. Rd7 Rg3 43. a4 Be5 44. Re7 Rc3+ 45. Kd2 Rc8 46.
Re6+ Rc6 47. a5+ Kc7 48. Rxc6+ Kxc6 49. b5+ Kc7 50. Kd3 Bh2 51. Kc4 1-0

[Event "C.to Provinciale AT"]
[Site "Asti ITA"]
[Date "2008.03.29"]
[Round "3"]
[White "Favoni, Matteo"]
[Black "Raviola, Giuseppe"]
[Result "1/2-1/2"]
[WhiteElo "1900"]
[BlackElo "2113"]
[PlyCount "74"]
[EventDate "2008.03.27"]

1. d4 Nf6 2. c4 e6 3. Nf3 d5 4. Nc3 Be7 5. Bg5 Nbd7 6. e3 O-O 7. Rc1 dxc4 8.
Bxc4 b6 9. O-O Bb7 10. Qe2 Ne4 11. Bxe7 Qxe7 12. Nxe4 Bxe4 13. Bb5 Qd6 14. Ng5
Bb7 15. Bxd7 Qxd7 16. Qc2 g6 17. Qxc7 Qd5 18. e4 Qxg5 19. Qxb7 Qd2 20. d5 exd5
21. exd5 Rfb8 22. Qc6 Rc8 23. Qxc8+ Rxc8 24. Rxc8+ Kg7 25. Rc7 Qxd5 26. Rxa7 b5
27. h3 Qd4 28. Ra3 Qxb2 29. Rb3 Qxa2 30. Rxb5 Qe2 31. Rb7 g5 32. Rc1 h5 33. Rb3
Kg6 34. Re3 Qd2 35. Rc6+ Kg7 36. Re7 Qd1+ 37. Kh2 Qd4 1/2-1/2

[Event "C.to Provinciale AT"]
[Site "Asti ITA"]
[Date "2008.03.29"]
[Round "3"]
[White "Finocchiaro, Gianluca"]
[Black "Piantadosi, Angelo"]
[Result "1/2-1/2"]
[WhiteElo "1985"]
[BlackElo "1673"]
[PlyCount "27"]
[EventDate "2008.03.27"]

1. e4 e6 2. d4 d5 3. exd5 exd5 4. c4 Nf6 5. Nc3 Nc6 6. Nf3 Be7 7. Be2 O-O 8.
O-O h6 9. h3 Be6 10. Ne5 dxc4 11. Nxc6 bxc6 12. Be3 Rb8 13. Qc2 Qc8 14. Ne4
1/2-1/2

[Event "C.to Provinciale AT"]
[Site "Asti ITA"]
[Date "2008.03.29"]
[Round "3"]
[White "Forno, Roberto"]
[Black "Biancotti, Alessandro"]
[Result "1-0"]
[WhiteElo "1947"]
[BlackElo "1873"]
[PlyCount "57"]
[EventDate "2008.03.27"]

1. e4 c5 2. Nf3 d6 3. d4 cxd4 4. Nxd4 Nf6 5. Nc3 g6 6. Be3 Bg7 7. f3 O-O 8. Bc4
Nc6 9. Qd2 Bd7 10. O-O-O Rc8 11. Bb3 Ne5 12. Bh6 Bxh6 13. Qxh6 Rxc3 14. bxc3
Qa5 15. Qe3 Rc8 16. Kd2 Ba4 17. h3 d5 18. exd5 Nxd5 19. Qxe5 Bxb3 20. Nxb3 Qb5
21. Kc1 e6 22. Rd3 a5 23. Kd2 a4 24. Nd4 Qc5 25. Re1 b5 26. Nxe6 fxe6 27. Qxe6+
Kg7 28. Qxd5 Qc7 29. Qd7+ 1-0

[Event "C.to Provinciale AT"]
[Site "Asti ITA"]
[Date "2008.03.29"]
[Round "3"]
[White "Fortino, Fabrizio"]
[Black "Fossati, Remigio"]
[Result "0-1"]
[WhiteElo "2068"]
[BlackElo "2208"]
[PlyCount "68"]
[EventDate "2008.03.27"]

1. e4 Nf6 2. Nc3 e5 3. f4 d5 4. fxe5 Nxe4 5. Nf3 Be7 6. Qe2 Nxc3 7. bxc3 c5 8.
d3 Nc6 9. Bf4 g5 10. Bd2 g4 11. Ng1 Bg5 12. g3 Rg8 13. Bg2 Rg6 14. Bf4 Re6 15.
Qf2 Nxe5 16. Ne2 Nf3+ 17. Bxf3 gxf3 18. Qxf3 Bxf4 19. gxf4 Qf6 20. O-O Bd7 21.
d4 O-O-O 22. dxc5 Rxe2 23. Qxe2 Rg8+ 24. Kh1 Bf5 25. Rf3 Be4 26. Qe3 Qg6 27.
Qf2 Qg4 28. Rf1 Qxf4 29. Qe2 Rg6 30. Qf2 h5 31. c6 h4 32. cxb7+ Kb8 33. c4 Rf6
34. Kg2 Qg4+ 0-1

[Event "C.to Provinciale AT"]
[Site "Asti ITA"]
[Date "2008.03.29"]
[Round "3"]
[White "Lucchese, Paolo"]
[Black "Squarci, Franco"]
[Result "1-0"]
[WhiteElo "1994"]
[BlackElo "1831"]
[PlyCount "65"]
[EventDate "2008.03.27"]

1. e4 c5 2. Nf3 e6 3. d4 cxd4 4. Nxd4 Nc6 5. Be3 Nf6 6. Nxc6 bxc6 7. Bd3 a5 8.
O-O Ba6 9. c4 h5 10. h3 Qc7 11. f4 d5 12. cxd5 exd5 13. Bxa6 Rxa6 14. Qd3 Ra8
15. Nc3 Rd8 16. exd5 Nxd5 17. Rae1 Nxe3 18. Qxe3+ Be7 19. Qe5 Qxe5 20. Rxe5 Rh6
21. Rfe1 Rd7 22. Rxa5 f6 23. Ra8+ Kf7 24. Rc8 f5 25. Re5 Rf6 26. g3 g6 27. a4
Rfd6 28. Re2 Bf6 29. Kg2 Re7 30. Rc2 Bd4 31. Ne2 c5 32. Nxd4 cxd4 33. R8c7 1-0

[Event "C.to Provinciale AT"]
[Site "Asti ITA"]
[Date "2008.03.29"]
[Round "3"]
[White "Monticone, Sonia"]
[Black "Di Chiara, Mauro"]
[Result "1-0"]
[WhiteElo "1757"]
[BlackElo "1812"]
[PlyCount "65"]
[EventDate "2008.03.27"]

1. c4 d6 2. Nc3 f5 3. g3 Nf6 4. Bg2 g6 5. e3 Bg7 6. Nge2 O-O 7. O-O e5 8. d3 c6
9. Rb1 Be6 10. b3 Nbd7 11. f4 Re8 12. e4 Qb6+ 13. Kh1 Ng4 14. Qe1 Nc5 15. Qd2
a5 16. h3 Nf6 17. Ba3 Rad8 18. Na4 Nxa4 19. bxa4 Qc7 20. Rfc1 Qd7 21. Kh2 fxe4
22. dxe4 exf4 23. Nxf4 Bf7 24. Qc2 g5 25. Ne2 Bg6 26. Nc3 Re5 27. Rd1 Qe6 28.
Rxb7 Qxc4 29. Qb3 Qxb3 30. axb3 Nxe4 31. Nxe4 Bxe4 32. Bb2 Bxg2 33. Rxg7+ 1-0

[Event "C.to Provinciale AT"]
[Site "Asti ITA"]
[Date "2008.03.29"]
[Round "3"]
[White "Muscato, Alessandro"]
[Black "Crepaldi, Marco"]
[Result "1-0"]
[WhiteElo "2002"]
[BlackElo "1836"]
[PlyCount "75"]
[EventDate "2008.03.27"]

1. e4 c5 2. b4 cxb4 3. d4 Nf6 4. e5 Nd5 5. Bc4 Nb6 6. Bb3 Qc7 7. Nf3 e6 8. Bg5
a5 9. d5 d6 10. dxe6 Bxe6 11. Bxe6 fxe6 12. Nd4 d5 13. O-O Qd7 14. Qh5+ Qf7 15.
Qh3 Kd7 16. Nd2 Nc6 17. N2f3 Bc5 18. Nb3 Be7 19. Be3 Nc4 20. Rad1 h6 21. Rxd5+
Kc7 22. Nc5 Bxc5 23. Rxc5 Nxe3 24. fxe3 Qe7 25. Nd4 Rhe8 26. Rc4 Kb6 27. Nxc6
bxc6 28. Qf3 Qc7 29. Rd1 Rad8 30. Rb1 c5 31. c3 Qxe5 32. cxb4 cxb4 33. Qc6+ Ka7
34. Rc5 Qxe3+ 35. Kh1 Qa3 36. Qc7+ Ka6 37. Rc6+ Kb5 38. Rb6+ 1-0

[Event "C.to Provinciale AT"]
[Site "Asti ITA"]
[Date "2008.03.29"]
[Round "3"]
[White "Quirico, Paolo"]
[Black "Di Paolo, Raffaele"]
[Result "0-1"]
[WhiteElo "2115"]
[BlackElo "2363"]
[PlyCount "150"]
[EventDate "2008.03.27"]

1. d4 e6 2. Nf3 d5 3. Bf4 Bd6 4. Bxd6 cxd6 5. c3 Nf6 6. Nbd2 O-O 7. e3 Nc6 8.
Be2 Bd7 9. O-O a6 10. c4 dxc4 11. Nxc4 b5 12. Ncd2 e5 13. dxe5 dxe5 14. Nb3 Qe7
15. Qc2 Rfc8 16. Qd2 Be6 17. Rfc1 Ne4 18. Qe1 Nb4 19. Rxc8+ Rxc8 20. Rc1 Rxc1
21. Nxc1 f6 22. a3 Nd5 23. Nd3 Qc7 24. Nd2 Nd6 25. Qc1 Qxc1+ 26. Nxc1 Nb6 27.
b3 e4 28. a4 Nd5 29. axb5 axb5 30. Na2 Kf8 31. Kf1 Ke7 32. Ke1 Kd7 33. Kd1 Kc6
34. Kc2 Kc5 35. Kb2 f5 36. g3 g5 37. Bf1 f4 38. gxf4 gxf4 39. Nc3 fxe3 40.
Ndxe4+ Nxe4 41. Nxe4+ Kb4 42. Ng5 Bg8 43. fxe3 Nxe3 44. Be2 h6 45. Nf3 Kc5 46.
Ne1 Nd5 47. Nc2 Bh7 48. Ne1 Nf4 49. Bf1 Be4 50. Kc3 b4+ 51. Kb2 Kd4 52. Nc2+
Bxc2 53. Kxc2 Ke3 54. Bb5 Ne6 55. Bd7 Nd4+ 56. Kb2 Kd2 57. Bg4 Nc6 58. Be6 Ne5
59. Bd5 Nd3+ 60. Kb1 Kc3 61. Bf7 Nc5 62. Ka2 Ne4 63. Kb1 Nd2+ 64. Ka2 Nf3 65.
Kb1 Nxh2 66. Kc1 Nf3 67. Kd1 Nd4 68. Ke1 Nxb3 69. Kf2 Nd2 70. Kg3 Kd4 71. Kf4
Nc4 72. Kg3 b3 73. Kh4 b2 74. Bg6 Ne3 75. Kh5 Kc3 0-1

[Event "C.to Provinciale AT"]
[Site "Asti ITA"]
[Date "2008.03.29"]
[Round "3"]
[White "Sattanino, Andrea"]
[Black "Bertazzoni, Giuseppe"]
[Result "1-0"]
[WhiteElo "1846"]
[BlackElo "1933"]
[PlyCount "49"]
[EventDate "2008.03.27"]

1. d4 Nf6 2. c4 g6 3. Nc3 Bg7 4. e4 d6 5. f3 O-O 6. Be3 c6 7. Qd2 e5 8. Nge2
Re8 9. d5 c5 10. g4 Na6 11. Ng3 Kf8 12. h4 Qa5 13. h5 Ng8 14. hxg6 hxg6 15. Be2
Bd7 16. Kf2 Nc7 17. Rh7 Reb8 18. Rah1 b5 19. Rxg7 Kxg7 20. Bh6+ Nxh6 21. Qxh6+
Kf6 22. Nh5+ Ke7 23. Qg5+ Kf8 24. Nf6 Rd8 25. Nh7+ 1-0

[Event "C.to Provinciale AT"]
[Site "Asti ITA"]
[Date "2008.03.29"]
[Round "3"]
[White "Sorgi, Paolo"]
[Black "De Francisci, Luigi"]
[Result "1-0"]
[WhiteElo "1921"]
[BlackElo "1961"]
[PlyCount "85"]
[EventDate "2008.03.27"]

1. e4 a6 2. d4 b5 3. Bd3 Bb7 4. Nf3 e6 5. O-O c5 6. c3 d6 7. Qe2 c4 8. Bc2 Nd7
9. Rd1 Be7 10. e5 d5 11. Nbd2 Qb6 12. Re1 h6 13. Nf1 Qd8 14. h3 Nf8 15. N3h2
Nh7 16. f4 Qd7 17. Qg4 Bf8 18. f5 O-O-O 19. Ng3 Ne7 20. Rf1 Ng5 21. Bxg5 hxg5
22. Qxg5 Nc6 23. fxe6 fxe6 24. Ng4 Kb8 25. Qg6 Qc7 26. Rf7 Qb6 27. Ne2 Bc8 28.
Raf1 Bd7 29. Qg5 Qc7 30. Nf4 Qc8 31. Ng6 Rg8 32. Qf4 Be8 33. Rxf8 Bxg6 34. Rxd8
Qxd8 35. Bxg6 Ne7 36. Qf7 Nxg6 37. Qxg6 Rf8 38. Qxg7 Rxf1+ 39. Kxf1 b4 40. Nf6
bxc3 41. bxc3 Qa5 42. Nd7+ Kc8 43. Nc5 1-0

[Event "C.to Provinciale AT"]
[Site "Asti ITA"]
[Date "2008.03.29"]
[Round "3"]
[White "Turchetta, Gianluca"]
[Black "Ronzano, Luca"]
[Result "0-1"]
[WhiteElo "1934"]
[BlackElo "1993"]
[PlyCount "50"]
[EventDate "2008.03.27"]

1. e4 e5 2. Nf3 d5 3. Nxe5 Bd6 4. d4 dxe4 5. Nc4 Be7 6. Nc3 Nf6 7. Be3 O-O 8.
Qd2 c6 9. O-O-O b5 10. Ne5 Be6 11. f3 Qa5 12. d5 Rd8 13. fxe4 b4 14. Nb1 Nxe4
15. Qd4 Rxd5 16. Qxe4 Rxe5 17. Qd4 Rxe3 18. h4 Re5 19. Bc4 Bxc4 20. Qxc4 Qc5
21. Qg4 Na6 22. Rhe1 Bf6 23. Rf1 Kf8 24. Rde1 Rae8 25. Rxe5 Qxe5 0-1

[Event "C.to Provinciale AT"]
[Site "Asti ITA"]
[Date "2008.03.29"]
[Round "3"]
[White "Venturino, Federico"]
[Black "Medaglia, Enzo"]
[Result "1/2-1/2"]
[WhiteElo "1913"]
[BlackElo "1857"]
[PlyCount "107"]
[EventDate "2008.03.27"]

1. d4 f5 2. c4 Nf6 3. Nc3 d5 4. Nf3 e6 5. Bf4 Be7 6. e3 O-O 7. Bd3 Ne4 8. Qb3
c6 9. cxd5 exd5 10. Nxe4 fxe4 11. Bxe4 Kh8 12. Bd3 Nd7 13. O-O Nf6 14. Qc2 Bd7
15. Ne5 Be8 16. Bg5 h6 17. Bh4 Qd6 18. Bg3 Qd8 19. Bg6 Nd7 20. Bxe8 Nxe5 21.
Bxe5 Qxe8 22. f4 Rc8 23. Rf3 c5 24. Rh3 Kg8 25. Qe2 Bf6 26. Bd6 Rf7 27. dxc5
Bd4 28. Rc1 Rf6 29. Qd2 Bxc5 30. Qxd5+ Kh8 31. Rxc5 Rd8 32. Qxb7 Rdxd6 33. Rc8
Rd8 34. Rxd8 Qxd8 35. Qb3 Qd2 36. Rf3 Rc6 37. h3 Rc2 38. Qb8+ Kh7 39. Rg3 Qf2+
40. Kh2 Rc1 41. h4 h5 42. Rxg7+ Kxg7 43. Qe5+ Kf7 44. Qxh5+ Ke7 45. Qe5+ Kd7
46. Qd5+ Kc7 47. Qa5+ Kc6 48. Qa6+ Kd5 49. Qb7+ Kd6 50. Qb8+ Rc7 51. Qf8+ Kc6
52. Qe8+ Kb6 53. Qb8+ Kc6 54. Qe8+ 1/2-1/2

[Event "C.to Provinciale AT"]
[Site "Asti ITA"]
[Date "2008.03.29"]
[Round "3"]
[White "Venturino, Marco"]
[Black "Mangione, Claudio"]
[Result "0-1"]
[WhiteElo "2173"]
[BlackElo "2051"]
[PlyCount "93"]
[EventDate "2008.03.27"]

1. d4 Nf6 2. c4 e6 3. g3 d5 4. Bg2 Be7 5. Nf3 O-O 6. O-O Nbd7 7. Qc2 c6 8. b3
b6 9. Bb2 Bb7 10. Nc3 Rc8 11. Rad1 Qc7 12. e4 Ba6 13. e5 Ne8 14. Ne2 Qb8 15.
Rfe1 Nc7 16. Nf4 Bb7 17. h4 Rfd8 18. Nh2 Qa8 19. Ng4 c5 20. cxd5 Nxd5 21. Nxd5
Bxd5 22. Bxd5 Qxd5 23. Ne3 Qb7 24. d5 exd5 25. Nxd5 Nf8 26. Ne3 Ne6 27. Nf5 Bf8
28. Nd6 Bxd6 29. Rxd6 Rd7 30. Rxd7 Qxd7 31. Rd1 Qc7 32. Rd6 b5 33. Qd1 c4 34.
Rd7 Qa5 35. Qf3 Rf8 36. bxc4 Qxa2 37. Qa3 Qb1+ 38. Kg2 bxc4 39. Rxa7 h6 40. Bc3
Rb8 41. Qe7 Qe4+ 42. Kh2 Qf3 43. Bb4 Qxf2+ 44. Kh3 Qf1+ 45. Kh2 Qf2+ 46. Kh3 c3
47. Qd6 0-1

[Event "C.to Provinciale AT"]
[Site "Asti ITA"]
[Date "2008.03.29"]
[Round "4"]
[White "Biancotti, Alessandro"]
[Black "Astengo, Marcello"]
[Result "0-1"]
[WhiteElo "1873"]
[BlackElo "2039"]
[PlyCount "62"]
[EventDate "2008.03.27"]

1. e4 e6 2. d4 d5 3. Nd2 Nf6 4. e5 Nfd7 5. Bd3 c5 6. c3 Nc6 7. Ne2 cxd4 8. cxd4
Qb6 9. Nf3 f6 10. exf6 Nxf6 11. O-O Bd6 12. Nc3 O-O 13. Re1 Bd7 14. Bg5 Rae8
15. Bxf6 Rxf6 16. Nb5 Bf4 17. g3 Bh6 18. g4 Ref8 19. g5 Rxf3 20. gxh6 Nb4 21.
Be2 Rxf2 22. Qb3 Bxb5 23. Qxb4 Qc7 24. Qxf8+ Rxf8 25. Bxb5 Qf4 26. Bd7 Qf2+ 27.
Kh1 Qf3+ 28. Kg1 Rf6 29. Be8 Qf2+ 30. Kh1 Rxh6 31. Bf7+ Kxf7 0-1

[Event "C.to Provinciale AT"]
[Site "Asti ITA"]
[Date "2008.03.29"]
[Round "4"]
[White "Cova, Alessandro"]
[Black "Quirico, Paolo"]
[Result "1/2-1/2"]
[WhiteElo "1936"]
[BlackElo "2115"]
[PlyCount "175"]
[EventDate "2008.03.27"]

1. d4 Nf6 2. c4 e5 3. dxe5 Ng4 4. Bf4 Bb4+ 5. Nd2 Nc6 6. Ngf3 f6 7. e3 fxe5 8.
Bg5 Be7 9. Bxe7 Qxe7 10. Bd3 Nf6 11. Ne4 O-O 12. O-O d6 13. Qb1 g6 14. a3 a5
15. b3 Bg4 16. Nxf6+ Qxf6 17. Nd2 Rae8 18. Ne4 Qg7 19. Ra2 Ne7 20. Rd2 Bc8 21.
Ng3 Kh8 22. Qc2 Ng8 23. Qc3 b6 24. Be4 Bd7 25. Bc2 Nf6 26. Ne4 Bc6 27. Nxf6
Qxf6 28. f3 Kg8 29. Rdf2 Re7 30. Be4 Bd7 31. Bd5+ Kg7 32. Be4 Be6 33. Bd5 Kg8
34. Bxe6+ Qxe6 35. e4 Ref7 36. Qd3 Qf6 37. Rd1 Kg7 38. Qd2 Qe7 39. a4 Qf6 40.
Qe3 Qf4 41. Qxf4 Rxf4 42. Kf1 g5 43. h3 h5 44. Ke2 g4 45. hxg4 hxg4 46. Ke3 Kg6
47. Rh1 gxf3 48. Rxf3 Rxf3+ 49. gxf3 Rf7 50. Rg1+ Kh7 51. Rg4 Rg7 52. Rh4+ Kg8
53. Kf2 Kf7 54. Rh6 Ke7 55. Rh5 Kd7 56. Ke3 Kc6 57. Kd3 Rf7 58. Rh3 Kc5 59. Kc3
Rg7 60. Rh5 Kc6 61. Rf5 Rg3 62. Rf7 Rh3 63. Kc2 Rh4 64. Kd3 Kb7 65. Rg7 Kb8 66.
Rg8+ Kb7 67. Rg7 Rf4 68. Rg3 Rf7 69. Kc3 Ka6 70. Kd3 Rf6 71. Kc3 c6 72. Kd3 b5
73. cxb5+ cxb5 74. Ke3 bxa4 75. bxa4 Kb6 76. Rg8 Rf7 77. Rb8+ Kc6 78. Rb5 Ra7
79. f4 exf4+ 80. Kxf4 Ra8 81. Ke3 Ra7 82. Kd4 Ra8 83. e5 dxe5+ 84. Rxe5 Kb6 85.
Re6+ Kb7 86. Kc5 Rh8 87. Re7+ Ka6 88. Re6+ 1/2-1/2